000 01019nam a2200253Ia 4500
003 OSt
005 20220923211006.0
006 a|||||r|||| 00| 0
007 ta
008 220922b |||||||| |||| 00| 0 hin d
020 _a8170167418 (hbk)
_c100
024 _a237,655
037 _b405, 23/03/2009, Swaraj Prakashan
_cTextual
040 _aARTS
_cARTS
_bhin
041 _2hin
_ahin
082 _aO157,3M76,18, 152P8
100 _aचट्टोपाध्याय, शरत्चन्द्र; शर्मा, ओमप्रकाश, संपा.
_9156927
245 0 _aदेवदास
246 _aDevadāsa
260 _aनयी दिल्ली
_b किताबघर प्रकाशन
_c2008
300 _a126पृ.
_ccm.
942 _hO157,3M76,18, 152P8
_cTEXL
_2CC
999 _c293629
_d293629